<Les> relations industrielles
Salvato in:
| Autore principale: | |
|---|---|
| Natura: | Libro |
| Lingua: | francese |
| Pubblicazione: |
Paris
Presses Universitaires de France
1995
|
| Serie: | Que sais - je ?
2958 |
| Soggetti: | |
| Tags: |
Nessun Tag, puoi essere il primo ad aggiungerne!!
|
MARC
| LEADER | 00000nam$a2200000$$$4500 | ||
|---|---|---|---|
| 001 | 0115373 | ||
| 005 | 20240111124548.4 | ||
| 020 | |a 2-13-046905-1 | ||
| 041 | 0 | |a fre | |
| 044 | |a FR | ||
| 245 | 1 | 0 | |a <Les> relations industrielles |c Jean-Paul Jues |
| 264 | 1 | |a Paris |b Presses Universitaires de France |c 1995 | |
| 300 | |a 127 s. | ||
| 490 | 1 | |a Que sais - je ? |v 2958 | |
| 830 | 0 | |a Que sais - je ? |v 2958 | |
| 610 | 2 | 0 | |a priemysel |
| 610 | 2 | 0 | |a politika priemyselná |
| 100 | 1 | |a Jues, Jean-Paul | |